| 000 | 00533nam a2200193Ia 4500 | ||
|---|---|---|---|
| 003 | GCL | ||
| 008 | 140319s9999 xx 000 0 eng d | ||
| 040 |
_aGCL / _cGCL |
||
| 082 | 0 | 4 |
_a658.4038 _bT P |
| 100 | 1 | _aTAPSCETT, DON | |
| 245 | 1 | 0 |
_aPARADIGM SHIFT: THE NEW PROMISE OF INFORMATION TECHNOLOGY / _cTAPSCETT, DON |
| 700 | 1 | _aCASTON, ART | |
| 260 |
_a[S.N] : _bMC GRAW - HILL ، _c1993 |
||
| 300 | _a337 P | ||
| 650 | 0 | 4 | _aMANAGEMENT |
| 650 | 0 | 4 | _aINDUSTRIAL MANAGEMENT |
| 650 | 0 | 4 | _aINFORMATION TECHNOLOGY |
| 942 |
_2ddc _cBK |
||
| 999 |
_c21082 _d21082 |
||